000 00484ntaaa2200181 4500
003 01
005 20251027201252.0
008 0714s1973 ag 01
040 _aAR-BaBN
_bspa
_cAR-BaBN
_eaacr
_dRIC
082 _a220.9300 Sch7
100 _aSchonfield, Hugh J.
_910845
245 _aSecrets of the Dead Sea scrolls
250 _a1 ed. :
_bValentine Mitchell,
_cc1956
300 _a164 p.
500 _a"studies towards their solution"
650 _aArqueología Bíblica
942 _cBK
999 _c7050
_d7050